000 02887nam a22003257a 4500
003 OSt
005 20231006171508.0
008 231006b ||||| |||| 00| 0 spa d
040 _cCO-MqBPB
041 _aspa
082 _a860.319
_bM37p
100 _aLauber, Mirko
245 _aPresencia viva de la poesía IV Encuentro de Poetas Hispanoamericanos, lectura de poemas /
_cMirko Lauer
260 _aBogotá:
_bCasa de Poesía Silva,
_c1995
300 _a 1 compact disc son.
_b (60 min.) : digital ;
_c12 cm.
490 _aVoces para el tiempo
500 _aLectura realizada el 24 de octubre de 1995.
505 _aAnuncio / María Mercedes Carranza (1:07 min.) ; Presentación de Mirko Lauer / John Fitzgerald Torres (0:50 min.) ; Un escándalo en bohemia / Mirko Lauer (6:20 min.) ; ExMiami, ExHabana, ExCairo, ExLima (3:12 min.) ; Oigo un ejército entero (4:04 min.) ; Presentación de Gonzalo Millán / John Fitzgerald Torres (0:26 min.) ; Apocalipsis doméstico / Gonzalo Millán (6:38 min.) ; Lemax (2:14 min.) ; En el furgón frigorífico (1:15 min.) ; Por ahora no sé quién eres (1:20 min.) ; Presentación de Miguel Huezo Mixco / John Fitzgerald Torres (0:30 min.) ; Introducción a su lectura / Miguel Huezo Mixco (0:34 min.) ; Cuatro bandidos (2:16 min.) ; El tesoro de Macedonia (1:04 min.) ; Viajero (0:38 min.) ; Algo más sobre el tesoro (0:27 min.) ; El fauno (0:40 min.) ; La cueva del viejo (1:04 min.) ; Presentación de David Cherician / John Fitzgerald Torres (0:48 min.) ; Introducción a su lectura / David Cherician (1:30 min.) ; Ritual de las demonias (1:10 min.) ; Yo pensé que la vida era (0:55 min.) ; Tu qué vas a la Mancha (1:37 min.) ; El sembrador (0:55 min.) ; Poema de golpe (1:05 min.) ; Mientras agonizo (1:00 min.) ; Generación (1:10 min.) ; Potro sin freno (1:10 min.) ; The under dog (1:26 min.) ; La noche de los titiriteros (1:03 min.) ; Mi herencia (0:56 min.) ; 55 veces (1:22 min.) ; Mellevo más (1:07 min.) ; Presentación de Margarita Laso / John Fitzgerald Torres (0:19 min.) ; Un ceibo que cuida / Margarita Laso (2:16 min.) ; En una galería del barrio Chino (2:58 min.) ; Se que las ratas me morderán (1:16 min.) ; El arco de carnero (1:20 min.) ; Ven a mi encuentro (1:45 min.) ; Hay Julián de mis pecados (1:40 min.) ; Despedida / John Fitzgerald Torres (0:17 min.).
650 _aPoesía peruana
_xCompact disc Poesía chilena
650 _aCompact disc Poesía salvadoreña
_xCompact disc Poesía latinoamericana
650 _aInterpretación oral de poesía
_xCompact disc
700 _aCarranza, María Mercedes,
_d 1945-2003.
700 _aJohn Fitzgerald,
_d1964-.
700 _aTorres Sanmiguel
700 _a Millán, Gonzalo,
_d1947-2006
700 _aHuezo Mixco, Miguel,
_d1954-
700 _aChericián, David,
_d1940-
700 _aLaso, Margarita,
_d1963-
942 _2ddc
_cCDROM
999 _c15069
_d15069